[Event "Campeonato España Sub 16"]
[Site "Salobreña"]
[Date "2017.07.25"]
[Round "3"]
[White "Ortin Blanco, Inigo"]
[Black "Lianes Garcia, Marcos"]
[Result "0-1"]
[Board "3"]
[WhiteClock "1:30"]
[WhiteElo "2090"]
[WhiteCountry "ESP"]
[WhiteFideId "32010125"]
[WhiteEloChange "-4"]
[BlackClock "1:30"]
[BlackTitle "FM"]
[BlackElo "2352"]
[BlackCountry "ESP"]
[BlackFideId "32060777"]
[BlackEloChange "4"]

1. d4 {[%clk 1:30:00]} Nf6 {[%clk 1:30:00]} 2. c4 {[%clk 1:31:00]} c5 {[%clk
1:30:00]} 3. d5 {[%clk 1:30:00]} b5 {[%clk 1:31:00]} 4. Qc2 {[%clk 1:28:00]} bxc4
{[%clk 1:30:00]} 5. e4 {[%clk 1:28:00]} e6 {[%clk 1:29:00]} 6. Nc3 {[%clk
1:22:00]} d6 {[%clk 1:07:00]} 7. dxe6 {[%clk 1:08:00]} Bxe6 {[%clk 1:07:00]} 8.
Bxc4 {[%clk 1:08:00]} Bxc4 {[%clk 0:59:00]} 9. Qa4+ {[%clk 1:08:00]} Nbd7 {[%clk
0:54:00]} 10. Qxc4 {[%clk 1:09:00]} Ne5 {[%clk 0:49:00]} 11. Qb5+ {[%clk
1:04:00]} Qd7 {[%clk 0:49:00]} 12. Qxd7+ {[%clk 0:43:00]} Kxd7 {[%clk 0:49:00]}
13. Ke2 {[%clk 0:43:00]} Nc6 {[%clk 0:47:00]} 14. Be3 {[%clk 0:41:00]} Rb8 {[%clk
0:38:00]} 15. Rb1 {[%clk 0:40:00]} Ng4 {[%clk 0:29:00]} 16. f3 {[%clk 0:31:00]}
Nxe3 {[%clk 0:27:00]} 17. Kxe3 {[%clk 0:31:00]} g6 {[%clk 0:28:00]} 18. Nge2
{[%clk 0:31:00]} Bh6+ {[%clk 0:27:00]} 19. Kf2 {[%clk 0:29:00]} Bg7 {[%clk
0:27:00]} 20. Rhd1 {[%clk 0:28:00]} Nd4 {[%clk 0:22:00]} 21. Nf4 {[%clk 0:26:00]}
Nb5 {[%clk 0:20:00]} 22. Nfd5 {[%clk 0:25:00]} Rb7 {[%clk 0:19:09]} 23. Nxb5
{[%clk 0:15:04]} Rxb5 {[%clk 0:19:30]} 24. b3 {[%clk 0:15:17]} Re8 {[%clk
0:16:12]} 25. Rbc1 {[%clk 0:04:02]} Re6 {[%clk 0:10:31]} 26. Nf4 {[%clk 0:02:34]}
Re8 {[%clk 0:10:34]} 27. Nd5 {[%clk 0:02:40]} Rc8 {[%clk 0:09:24]} 28. Rc4 {[%clk
0:02:50]} Bd4+ {[%clk 0:09:06]} 29. Kf1 {[%clk 0:02:34]} Rb7 {[%clk 0:08:27]} 30.
Rd2 {[%clk 0:01:47]} Rf8 {[%clk 0:07:53]} 31. Re2 {[%clk 0:01:43]} f5 {[%clk
0:06:01]} 32. exf5 {[%clk 0:00:42]} Rxf5 {[%clk 0:06:20]} 33. Nc3 {[%clk
0:00:35]} Bxc3 {[%clk 0:06:29]} 34. Rxc3 {[%clk 0:01:00]} Rf7 {[%clk 0:06:32]}
35. Kf2 {[%clk 0:01:13]} Kc6 {[%clk 0:06:52]} 36. Rce3 {[%clk 0:01:29]} Rbd7
{[%clk 0:06:41]} 37. Re6 {[%clk 0:01:14]} a5 {[%clk 0:06:17]} 38. R2e4 {[%clk
0:01:23]} Ra7 {[%clk 0:06:41]} 39. Ra4 {[%clk 0:01:17]} Rfb7 {[%clk 0:07:06]} 40.
Rf4 {[%clk 0:01:09]} Rb4 {[%clk 0:05:45]} 41. Rf8 {[%clk 0:00:44]} a4 {[%clk
0:05:37]} 42. Rc8+ {[%clk 0:00:46]} Kd5 {[%clk 0:05:40]} 43. Re3 {[%clk 0:00:56]}
axb3 {[%clk 0:05:41]} 44. axb3 {[%clk 0:01:22]} Rd4 {[%clk 0:05:46]} 45. g4
{[%clk 0:01:00]} Rd2+ {[%clk 0:05:32]} 46. Kg3 {[%clk 0:01:26]} Rb7 {[%clk
0:04:55]} 47. Rd8 {[%clk 0:01:37]} Kc6 {[%clk 0:04:33]} 48. Rc3 {[%clk 0:01:05]}
Rd7 {[%clk 0:04:39]} 49. Rc8+ {[%clk 0:01:05]} Kd5 {[%clk 0:05:03]} 50. h4 {[%clk
0:00:38]} Kd4 {[%clk 0:04:33]} 51. Rc4+ {[%clk 0:00:56]} Kd3 {[%clk 0:04:07]} 52.
Rc1 {[%clk 0:00:39]} Rb2 {[%clk 0:03:47]} 53. Rd1+ {[%clk 0:00:57]} Rd2 {[%clk
0:03:32]} 54. Rc1 {[%clk 0:01:18]} Re2 {[%clk 0:02:58]} 55. b4 {[%clk 0:00:38]}
cxb4 {[%clk 0:02:40]} 56. Rb8 {[%clk 0:00:33]} Rb2 {[%clk 0:02:41]} 57. Rb5
{[%clk 0:00:59]} d5 {[%clk 0:02:40]} 58. Kf4 {[%clk 0:01:01]} d4 {[%clk 0:02:33]}
59. Ke5 {[%clk 0:00:46]} Ke2 {[%clk 0:01:37]} 60. Rh1 {[%clk 0:00:39]} Kxf3
{[%clk 0:00:28]} 61. h5 {[%clk 0:01:42]} d3 {[%clk 0:00:53]} 62. hxg6 {[%clk
0:01:35]} hxg6 {[%clk 0:00:53]} 63. Ke6 {[%clk 0:01:24]} Rd4 {[%clk 0:00:36]} 64.
Rb8 {[%clk 0:01:24]} Re2+ {[%clk 0:00:20]} 65. Kf7 {[%clk 0:01:24]} d2 {[%clk
0:01:24]} 66. Kxg6 {[%clk 0:00:14]} Re1 {[%clk 0:01:24]} 0-1

[Event "Campeonato España Sub 16"]
[Site "Salobreña"]
[Date "2017.07.25"]
[Round "3"]
[White "Galiana Fernandez, Adrian"]
[Black "Henderson de La Fuente, Andrea"]
[Result "1-0"]
[Board "4"]
[WhiteClock "1:30"]
[WhiteElo "2274"]
[WhiteCountry "ESP"]
[WhiteFideId "32010150"]
[WhiteEloChange "4"]
[BlackClock "1:30"]
[BlackElo "2031"]
[BlackCountry "ESP"]
[BlackFideId "32096577"]
[BlackEloChange "-4"]

1. e4 {[%clk 1:30:00]} d6 {[%clk 1:30:00]} 2. d4 {[%clk 1:31:00]} Nf6 {[%clk
1:30:00]} 3. Nc3 {[%clk 1:31:00]} e5 {[%clk 1:31:00]} 4. dxe5 {[%clk 1:32:00]}
dxe5 {[%clk 1:31:00]} 5. Qxd8+ {[%clk 1:32:00]} Kxd8 {[%clk 1:32:00]} 6. Bc4
{[%clk 1:33:00]} Be6 {[%clk 1:32:00]} 7. Bxe6 {[%clk 1:33:00]} fxe6 {[%clk
1:33:00]} 8. f3 {[%clk 1:33:00]} Bd6 {[%clk 1:32:00]} 9. Nh3 {[%clk 1:33:00]} Nc6
{[%clk 1:32:00]} 10. Be3 {[%clk 1:33:00]} a6 {[%clk 1:31:00]} 11. Nf2 {[%clk
1:26:00]} Ke7 {[%clk 1:23:00]} 12. O-O-O {[%clk 1:17:00]} b5 {[%clk 1:19:00]} 13.
Nd3 {[%clk 1:13:00]} Nd7 {[%clk 1:18:00]} 14. Ne2 {[%clk 1:08:00]} h6 {[%clk
1:06:00]} 15. c3 {[%clk 1:09:00]} Na5 {[%clk 1:04:00]} 16. b3 {[%clk 0:58:00]} c5
{[%clk 0:56:00]} 17. f4 {[%clk 0:58:00]} Rhc8 {[%clk 0:40:00]} 18. fxe5 {[%clk
0:48:00]} Nxe5 {[%clk 0:39:00]} 19. Nef4 {[%clk 0:37:00]} Ng4 {[%clk 0:31:00]}
20. e5 {[%clk 0:33:00]} Bxe5 {[%clk 0:21:00]} 21. Ng6+ {[%clk 0:31:00]} Kf6
{[%clk 0:21:00]} 22. Ndxe5 {[%clk 0:20:00]} Nxe5 {[%clk 0:12:01]} 23. Nxe5 {[%clk
0:20:00]} Kxe5 {[%clk 0:12:58]} 24. Rhf1 {[%clk 0:21:00]} g5 {[%clk 0:08:06]} 25.
h4 {[%clk 0:12:14]} Nb7 {[%clk 0:04:56]} 26. hxg5 {[%clk 0:12:04]} hxg5 {[%clk
0:05:22]} 27. Bxg5 {[%clk 0:12:33]} Rf8 {[%clk 0:04:25]} 28. Bf6+ {[%clk
0:12:55]} Ke4 {[%clk 0:05:05]} 29. Rde1+ {[%clk 0:12:03]} Kd5 {[%clk 0:05:21]}
30. Re5+ {[%clk 0:12:24]} Kd6 {[%clk 0:04:41]} 31. Rd1+ {[%clk 0:12:35]} Kc7
{[%clk 0:04:56]} 32. Rxe6 {[%clk 0:13:00]} Rae8 {[%clk 0:03:52]} 33. Be5+ {[%clk
0:13:00]} 1-0

[Event "Campeonato España Sub 16"]
[Site "Salobreña"]
[Date "2017.07.25"]
[Round "3"]
[White "Garcia Jimenez, Santiago"]
[Black "Ayats Llobera, Gerard"]
[Result "1/2-1/2"]
[Board "5"]
[WhiteClock "1:30"]
[WhiteElo "2040"]
[WhiteCountry "ESP"]
[WhiteFideId "24543241"]
[WhiteEloChange "6"]
[BlackClock "1:30"]
[BlackTitle "FM"]
[BlackElo "2261"]
[BlackCountry "ESP"]
[BlackFideId "32067607"]
[BlackEloChange "-6"]

1. e4 {[%clk 1:30:00]} c5 {[%clk 1:30:00]} 2. Nf3 {[%clk 1:31:00]} e6 {[%clk
1:31:00]} 3. d4 {[%clk 1:31:00]} cxd4 {[%clk 1:31:00]} 4. Nxd4 {[%clk 1:32:00]}
a6 {[%clk 1:32:00]} 5. Nc3 {[%clk 1:32:00]} b5 {[%clk 1:32:00]} 6. Bd3 {[%clk
1:32:00]} Qb6 {[%clk 1:32:00]} 7. Be3 {[%clk 1:31:00]} Bc5 {[%clk 1:32:00]} 8.
Qg4 {[%clk 1:31:00]} Kf8 {[%clk 1:13:00]} 9. Qg5 {[%clk 1:31:00]} Be7 {[%clk
1:08:00]} 10. Qg3 {[%clk 1:19:00]} Bc5 {[%clk 1:05:00]} 11. Qg5 {[%clk 1:11:00]}
Be7 {[%clk 1:05:00]} 12. Qg3 {[%clk 1:10:00]} Bc5 {[%clk 1:06:00]} 13. Qg5 {[%clk
1:10:00]} Be7 {[%clk 1:04:00]} 14. Qg3 {[%clk 1:08:00]} Bc5 {[%clk 1:04:00]}
1/2-1/2

[Event "Campeonato España Sub 16"]
[Site "Salobreña"]
[Date "2017.07.25"]
[Round "3"]
[White "Castillo Dalmau, Albert"]
[Black "Redondo Benavente, Ana"]
[Result "1-0"]
[Board "6"]
[WhiteClock "1:30"]
[WhiteElo "2258"]
[WhiteCountry "ESP"]
[WhiteFideId "32009925"]
[WhiteEloChange "4"]
[BlackClock "1:30"]
[BlackTitle "WFM"]
[BlackElo "2026"]
[BlackCountry "ESP"]
[BlackFideId "32021674"]
[BlackEloChange "-4"]

1. c4 {[%clk 1:30:00]} e5 {[%clk 1:30:00]} 2. g3 {[%clk 1:31:00]} Nc6 {[%clk
1:30:00]} 3. Nc3 {[%clk 1:31:00]} Bc5 {[%clk 1:29:00]} 4. a3 {[%clk 1:29:00]} a6
{[%clk 1:29:00]} 5. Bg2 {[%clk 1:29:00]} Nge7 {[%clk 1:25:00]} 6. e3 {[%clk
1:24:00]} d6 {[%clk 1:25:00]} 7. b4 {[%clk 1:24:00]} Ba7 {[%clk 1:22:00]} 8. Bb2
{[%clk 1:22:00]} O-O {[%clk 1:22:00]} 9. Nge2 {[%clk 1:22:00]} Be6 {[%clk
1:18:00]} 10. Nd5 {[%clk 1:22:00]} Qd7 {[%clk 1:01:00]} 11. O-O {[%clk 1:19:00]}
Nd8 {[%clk 0:59:00]} 12. Rc1 {[%clk 1:02:00]} c6 {[%clk 0:50:00]} 13. Nxe7+
{[%clk 1:02:00]} Qxe7 {[%clk 0:51:00]} 14. d4 {[%clk 1:02:00]} Bg4 {[%clk
0:49:00]} 15. dxe5 {[%clk 0:49:00]} dxe5 {[%clk 0:49:00]} 16. h3 {[%clk 0:50:00]}
Bxe2 {[%clk 0:42:00]} 17. Qxe2 {[%clk 0:50:00]} e4 {[%clk 0:41:00]} 18. Rfd1
{[%clk 0:42:00]} f5 {[%clk 0:39:00]} 19. c5 {[%clk 0:39:00]} Nf7 {[%clk 0:17:33]}
20. Qc4 {[%clk 0:38:00]} Bb8 {[%clk 0:16:44]} 21. Bf1 {[%clk 0:37:00]} Kh8 {[%clk
0:15:58]} 22. Rc2 {[%clk 0:29:00]} Be5 {[%clk 0:15:09]} 23. Qa2 {[%clk 0:21:00]}
Rad8 {[%clk 0:12:55]} 24. Rcd2 {[%clk 0:21:00]} Rxd2 {[%clk 0:11:33]} 25. Rxd2
{[%clk 0:21:00]} Ng5 {[%clk 0:11:19]} 26. Bg2 {[%clk 0:21:00]} Bxb2 {[%clk
0:10:24]} 27. Qxb2 {[%clk 0:21:00]} Nf7 {[%clk 0:09:00]} 28. Rd4 {[%clk 0:20:00]}
Rd8 {[%clk 0:07:11]} 29. Qd2 {[%clk 0:18:17]} Kg8 {[%clk 0:05:12]} 30. Bf1 {[%clk
0:12:58]} Rxd4 {[%clk 0:05:25]} 31. Qxd4 {[%clk 0:11:30]} Ne5 {[%clk 0:05:07]}
32. Kg2 {[%clk 0:10:27]} Kf7 {[%clk 0:05:15]} 33. Be2 {[%clk 0:10:09]} Ke6 {[%clk
0:03:18]} 34. Bd1 {[%clk 0:07:56]} Qd7 {[%clk 0:02:34]} 35. Bb3+ {[%clk 0:07:28]}
Kf6 {[%clk 0:02:57]} 36. Qxd7 {[%clk 0:06:30]} Nxd7 {[%clk 0:03:25]} 37. g4
{[%clk 0:06:53]} fxg4 {[%clk 0:02:35]} 38. hxg4 {[%clk 0:07:04]} g5 {[%clk
0:02:07]} 39. Bg8 {[%clk 0:06:20]} Nf8 {[%clk 0:01:17]} 40. Kf1 {[%clk 0:06:17]}
Ke5 {[%clk 0:00:50]} 41. Ke1 {[%clk 0:06:27]} h6 {[%clk 0:01:03]} 42. Kd2 {[%clk
0:06:43]} Ng6 {[%clk 0:01:02]} 43. Bf7 {[%clk 0:06:22]} Ne7 {[%clk 0:01:20]} 44.
Kc3 {[%clk 0:06:05]} Kf6 {[%clk 0:00:38]} 45. Bc4 {[%clk 0:05:42]} Ke5 {[%clk
0:01:03]} 46. Kb3 {[%clk 0:05:30]} Ng6 {[%clk 0:00:52]} 47. Ka4 {[%clk 0:05:11]}
Nf8 {[%clk 0:00:45]} 48. Ka5 {[%clk 0:05:08]} Nd7 {[%clk 0:01:11]} 49. Bf7 {[%clk
0:03:11]} Kf6 {[%clk 0:01:31]} 50. Be8 {[%clk 0:03:03]} Ne5 {[%clk 0:01:04]} 51.
Kb6 {[%clk 0:02:12]} Nxg4 {[%clk 0:01:00]} 52. Kxb7 {[%clk 0:02:34]} Nxf2 {[%clk
0:01:28]} 53. Bxc6 {[%clk 0:00:55]} g4 {[%clk 0:01:40]} 54. Bd7 {[%clk 0:00:37]}
g3 {[%clk 0:01:36]} 55. c6 {[%clk 0:00:59]} g2 {[%clk 0:01:50]} 56. c7 {[%clk
0:01:27]} g1Q {[%clk 0:02:09]} 57. c8Q {[%clk 0:01:54]} Qg7 {[%clk 0:00:52]} 58.
Qc3+ {[%clk 0:01:41]} Kf7 {[%clk 0:00:49]} 59. Be8+ {[%clk 0:01:33]} Kf8+ {[%clk
0:01:03]} 60. Qxg7+ {[%clk 0:01:59]} Kxg7 {[%clk 0:01:30]} 61. Kxa6 {[%clk
0:02:24]} Ng4 {[%clk 0:00:39]} 62. Bc6 {[%clk 0:02:26]} Nxe3 {[%clk 0:00:49]} 63.
Bxe4 {[%clk 0:02:27]} Kf6 {[%clk 0:00:48]} 64. b5 {[%clk 0:02:36]} Nc4 {[%clk
0:00:49]} 65. b6 {[%clk 0:02:46]} Ne5 {[%clk 0:00:35]} 66. b7 {[%clk 0:02:50]}
Nd7 {[%clk 0:01:00]} 67. Ka7 {[%clk 0:03:12]} Ke7 {[%clk 0:00:58]} 68. Bc6 {[%clk
0:00:53]} Ne5 {[%clk 0:01:22]} 69. Ba4 {[%clk 0:02:16]} 1-0

[Event "Campeonato España Sub 16"]
[Site "Salobreña"]
[Date "2017.07.25"]
[Round "3"]
[White "Ortin Blanco, Ainhoa"]
[Black "Aguilera Lopez, Alejandro"]
[Result "0-1"]
[Board "7"]
[WhiteClock "1:30"]
[WhiteElo "1961"]
[WhiteCountry "ESP"]
[WhiteFideId "32010117"]
[WhiteEloChange "-3"]
[BlackClock "1:30"]
[BlackElo "2251"]
[BlackCountry "ESP"]
[BlackFideId "32093810"]
[BlackEloChange "3"]

1. d4 {[%clk 1:30:00]} d5 {[%clk 1:30:00]} 2. c4 {[%clk 1:31:00]} e6 {[%clk
1:31:00]} 3. Nc3 {[%clk 1:31:00]} Nf6 {[%clk 1:31:00]} 4. cxd5 {[%clk 1:31:00]}
exd5 {[%clk 1:32:00]} 5. Bg5 {[%clk 1:31:00]} Be7 {[%clk 1:32:00]} 6. e3 {[%clk
1:31:00]} O-O {[%clk 1:32:00]} 7. Qc2 {[%clk 1:31:00]} Nbd7 {[%clk 1:32:00]} 8.
Bd3 {[%clk 1:28:00]} b6 {[%clk 1:31:00]} 9. Nf3 {[%clk 1:22:00]} Bb7 {[%clk
1:30:00]} 10. O-O {[%clk 1:18:00]} h6 {[%clk 1:29:00]} 11. Bf4 {[%clk 1:16:00]}
c5 {[%clk 1:26:00]} 12. Nb5 {[%clk 1:10:00]} Ne8 {[%clk 1:26:00]} 13. b3 {[%clk
1:06:00]} a6 {[%clk 1:25:00]} 14. Nc3 {[%clk 1:02:00]} Rc8 {[%clk 1:25:00]} 15.
Qb2 {[%clk 0:57:00]} Nef6 {[%clk 1:24:00]} 16. Ne5 {[%clk 0:53:00]} Ne4 {[%clk
1:09:00]} 17. f3 {[%clk 0:45:00]} cxd4 {[%clk 1:01:00]} 18. Nxd5 {[%clk 0:41:00]}
Nxe5 {[%clk 0:58:00]} 19. Bxe4 {[%clk 0:37:00]} Bxd5 {[%clk 0:57:00]} 20. Bxe5
{[%clk 0:37:00]} Bxe4 {[%clk 0:55:00]} 21. fxe4 {[%clk 0:38:00]} d3 {[%clk
0:52:00]} 22. Bxg7 {[%clk 0:36:00]} Rc2 {[%clk 0:53:00]} 23. Qd4 {[%clk 0:25:00]}
Bc5 {[%clk 0:53:00]} 24. Qe5 {[%clk 0:23:00]} Bxe3+ {[%clk 0:49:00]} 25. Kh1
{[%clk 0:24:00]} Re8 {[%clk 0:50:00]} 26. Qh5 {[%clk 0:21:00]} Qe7 {[%clk
0:43:00]} 27. Bxh6 {[%clk 0:14:31]} Bxh6 {[%clk 0:43:00]} 28. Qxh6 {[%clk
0:14:00]} Qxe4 {[%clk 0:42:00]} 29. Qg5+ {[%clk 0:14:16]} Qg6 {[%clk 0:43:00]}
30. Qxg6+ {[%clk 0:13:57]} fxg6 {[%clk 0:43:00]} 31. Rad1 {[%clk 0:12:50]} d2
{[%clk 0:43:00]} 32. a4 {[%clk 0:10:17]} Kg7 {[%clk 0:43:00]} 33. h3 {[%clk
0:09:55]} Re3 {[%clk 0:44:00]} 34. b4 {[%clk 0:09:22]} Rb3 {[%clk 0:44:00]} 35.
Rf2 {[%clk 0:08:57]} Rxb4 {[%clk 0:44:00]} 36. Rfxd2 {[%clk 0:08:24]} Rxd2 {[%clk
0:44:00]} 37. Rxd2 {[%clk 0:08:44]} Rxa4 {[%clk 0:44:00]} 38. Rd7+ {[%clk
0:07:48]} Kh6 {[%clk 0:45:00]} 39. Rd6 {[%clk 0:06:34]} Rb4 {[%clk 0:45:00]} 40.
Kg1 {[%clk 0:05:23]} a5 {[%clk 0:45:00]} 41. Kf2 {[%clk 0:04:00]} a4 {[%clk
0:45:00]} 42. Rd7 {[%clk 0:03:55]} b5 {[%clk 0:45:00]} 43. Ra7 {[%clk 0:02:45]}
Rb3 {[%clk 0:44:00]} 44. Ke2 {[%clk 0:01:35]} a3 {[%clk 0:45:00]} 45. Kd2 {[%clk
0:01:02]} Rb2+ {[%clk 0:45:00]} 46. Kc1 {[%clk 0:00:43]} b4 {[%clk 0:45:00]} 47.
Ra4 {[%clk 0:00:36]} Rxg2 {[%clk 0:45:00]} 48. Rxb4 {[%clk 0:00:30]} Rg1+ {[%clk
0:46:00]} 49. Kc2 {[%clk 0:00:43]} a2 {[%clk 0:46:00]} 0-1

[Event "Campeonato España Sub 16"]
[Site "Salobreña"]
[Date "2017.07.25"]
[Round "3"]
[White "Gonzalez Serrato, Diego"]
[Black "Sama Salinas, Hector"]
[Result "1/2-1/2"]
[Board "8"]
[WhiteClock "1:30"]
[WhiteElo "1883"]
[WhiteCountry "ESP"]
[WhiteFideId "32069170"]
[WhiteEloChange "7"]
[BlackClock "1:30"]
[BlackElo "2205"]
[BlackCountry "ESP"]
[BlackFideId "32086857"]
[BlackEloChange "-7"]

1. e4 {[%clk 1:30:00]} e6 {[%clk 1:30:00]} 2. d4 {[%clk 1:31:00]} d5 {[%clk
1:31:00]} 3. Nc3 {[%clk 1:31:00]} Nf6 {[%clk 1:31:00]} 4. e5 {[%clk 1:32:00]}
Nfd7 {[%clk 1:32:00]} 5. Nf3 {[%clk 1:31:00]} c5 {[%clk 1:32:00]} 6. dxc5 {[%clk
1:32:00]} Nc6 {[%clk 1:32:00]} 7. Bf4 {[%clk 1:32:00]} Bxc5 {[%clk 1:33:00]} 8.
Bd3 {[%clk 1:30:00]} f6 {[%clk 1:33:00]} 9. exf6 {[%clk 1:31:00]} Qxf6 {[%clk
1:33:00]} 10. Bg5 {[%clk 1:26:00]} Qf7 {[%clk 1:33:00]} 11. O-O {[%clk 1:24:00]}
O-O {[%clk 1:32:00]} 12. Bh4 {[%clk 1:18:00]} Qh5 {[%clk 1:27:00]} 13. Bg3 {[%clk
1:15:00]} Nf6 {[%clk 1:23:00]} 14. Qe2 {[%clk 1:10:00]} Bd7 {[%clk 1:19:00]} 15.
Ne5 {[%clk 1:08:00]} Nxe5 {[%clk 1:15:00]} 16. Qxe5 {[%clk 1:00:00]} Rf7 {[%clk
1:12:00]} 17. Be2 {[%clk 0:52:00]} Qxe5 {[%clk 1:11:00]} 18. Bxe5 {[%clk
0:53:00]} Raf8 {[%clk 1:10:00]} 19. Kh1 {[%clk 0:48:00]} Bc6 {[%clk 1:09:00]} 20.
f3 {[%clk 0:47:00]} Nh5 {[%clk 0:55:00]} 21. Rad1 {[%clk 0:35:00]} Nf4 {[%clk
0:54:00]} 22. Bb5 {[%clk 0:34:00]} Ng6 {[%clk 0:51:00]} 23. Bg3 {[%clk 0:33:00]}
h5 {[%clk 0:43:00]} 24. Bxc6 {[%clk 0:32:00]} bxc6 {[%clk 0:44:00]} 25. Na4
{[%clk 0:31:00]} Be7 {[%clk 0:36:00]} 26. Rfe1 {[%clk 0:30:00]} Rf6 {[%clk
0:35:00]} 27. Bf2 {[%clk 0:28:00]} e5 {[%clk 0:34:00]} 28. c3 {[%clk 0:25:00]} h4
{[%clk 0:32:00]} 29. Nc5 {[%clk 0:24:00]} Bxc5 {[%clk 0:28:00]} 30. Bxc5 {[%clk
0:24:00]} R8f7 {[%clk 0:28:00]} 31. h3 {[%clk 0:24:00]} Rf5 {[%clk 0:27:00]} 32.
Rd2 {[%clk 0:19:41]} Rd7 {[%clk 0:23:00]} 33. b4 {[%clk 0:18:02]} Kf7 {[%clk
0:20:00]} 34. a4 {[%clk 0:15:11]} a6 {[%clk 0:17:58]} 35. Rb1 {[%clk 0:14:41]}
Ke6 {[%clk 0:17:58]} 1/2-1/2

[Event "Campeonato España Sub 16"]
[Site "Salobreña"]
[Date "2017.07.25"]
[Round "3"]
[White "Callejas Rojas, Francisco Miguel"]
[Black "Lechuga Cabrero, Luis Miguel"]
[Result "1-0"]
[Board "9"]
[WhiteClock "1:30"]
[WhiteElo "2164"]
[WhiteCountry "ESP"]
[WhiteFideId "32072503"]
[WhiteEloChange "5"]
[BlackClock "1:30"]
[BlackElo "1979"]
[BlackCountry "ESP"]
[BlackFideId "22274693"]
[BlackEloChange "-5"]

1. d4 {[%clk 1:30:00]} Nf6 {[%clk 1:30:00]} 2. c4 {[%clk 1:31:00]} e6 {[%clk
1:30:00]} 3. Nc3 {[%clk 1:31:00]} Bb4 {[%clk 1:31:00]} 4. Qc2 {[%clk 1:31:00]}
O-O {[%clk 1:29:00]} 5. a3 {[%clk 1:27:00]} Bxc3+ {[%clk 1:28:00]} 6. Qxc3 {[%clk
1:27:00]} b6 {[%clk 1:29:00]} 7. Bg5 {[%clk 1:28:00]} Bb7 {[%clk 1:28:00]} 8. f3
{[%clk 1:28:00]} d5 {[%clk 0:57:00]} 9. e3 {[%clk 1:28:00]} Nbd7 {[%clk 0:56:00]}
10. cxd5 {[%clk 1:17:00]} exd5 {[%clk 0:56:00]} 11. Bd3 {[%clk 1:12:00]} h6
{[%clk 0:55:00]} 12. Bh4 {[%clk 1:12:00]} Re8 {[%clk 0:55:00]} 13. Ne2 {[%clk
1:07:00]} Qe7 {[%clk 0:45:00]} 14. Bf2 {[%clk 1:06:00]} c5 {[%clk 0:44:00]} 15.
O-O {[%clk 1:03:00]} Rac8 {[%clk 0:42:00]} 16. Qd2 {[%clk 0:55:00]} Nf8 {[%clk
0:27:00]} 17. dxc5 {[%clk 0:50:00]} Rxc5 {[%clk 0:21:00]} 18. Rac1 {[%clk
0:45:00]} Ne6 {[%clk 0:20:00]} 19. b4 {[%clk 0:44:00]} Rxc1 {[%clk 0:19:14]} 20.
Rxc1 {[%clk 0:44:00]} Rc8 {[%clk 0:19:42]} 21. Rxc8+ {[%clk 0:42:00]} Bxc8 {[%clk
0:20:00]} 22. Qc3 {[%clk 0:42:00]} Qc7 {[%clk 0:14:08]} 23. Qxc7 {[%clk 0:38:00]}
Nxc7 {[%clk 0:14:35]} 24. Nd4 {[%clk 0:37:00]} Bd7 {[%clk 0:12:41]} 25. Bg3
{[%clk 0:37:00]} Ne6 {[%clk 0:08:28]} 26. Nxe6 {[%clk 0:21:00]} Bxe6 {[%clk
0:08:28]} 27. Bb8 {[%clk 0:21:00]} a5 {[%clk 0:08:15]} 28. bxa5 {[%clk 0:14:10]}
bxa5 {[%clk 0:08:44]} 29. Bc7 {[%clk 0:14:28]} a4 {[%clk 0:09:09]} 30. Bc2 {[%clk
0:10:40]} Bd7 {[%clk 0:07:54]} 31. Bd6 {[%clk 0:08:56]} Ne8 {[%clk 0:07:57]} 32.
Bb4 {[%clk 0:08:10]} f5 {[%clk 0:04:17]} 33. Kf2 {[%clk 0:07:58]} Kf7 {[%clk
0:04:12]} 34. Ke2 {[%clk 0:08:23]} Ke6 {[%clk 0:03:10]} 35. Kd3 {[%clk 0:08:22]}
Nd6 {[%clk 0:03:19]} 36. Kd4 {[%clk 0:08:18]} Nb7 {[%clk 0:02:06]} 37. Bf8 {[%clk
0:04:21]} Kf7 {[%clk 0:02:29]} 38. Bb4 {[%clk 0:04:49]} Ke6 {[%clk 0:02:54]} 39.
Bd3 {[%clk 0:04:32]} Bc6 {[%clk 0:01:53]} 40. Bb1 {[%clk 0:04:58]} Nd6 {[%clk
0:01:03]} 41. Bxd6 {[%clk 0:03:33]} Kxd6 {[%clk 0:01:31]} 42. Bxf5 {[%clk
0:03:56]} Bb5 {[%clk 0:01:11]} 43. Bd3 {[%clk 0:03:29]} Bd7 {[%clk 0:01:22]} 44.
Bb1 {[%clk 0:03:03]} Bb5 {[%clk 0:01:26]} 45. Ba2 {[%clk 0:03:16]} Bc6 {[%clk
0:01:29]} 46. g3 {[%clk 0:02:24]} Bb7 {[%clk 0:01:29]} 47. Bb1 {[%clk 0:02:45]}
Bc6 {[%clk 0:01:42]} 48. Bg6 {[%clk 0:01:52]} Bb5 {[%clk 0:01:42]} 49. Bf7 {[%clk
0:02:07]} Bc6 {[%clk 0:01:52]} 50. h4 {[%clk 0:02:12]} g5 {[%clk 0:01:33]} 51.
hxg5 {[%clk 0:02:12]} hxg5 {[%clk 0:02:05]} 52. f4 {[%clk 0:01:47]} g4 {[%clk
0:01:50]} 53. Bg8 {[%clk 0:01:30]} Bb7 {[%clk 0:01:28]} 54. Bh7 {[%clk 0:01:43]}
Bc8 {[%clk 0:01:35]} 55. Bc2 {[%clk 0:02:06]} Bd7 {[%clk 0:01:53]} 56. Bd1 {[%clk
0:02:32]} Bf5 {[%clk 0:00:44]} 57. Bxa4 {[%clk 0:02:58]} Be4 {[%clk 0:01:16]} 58.
Bb3 {[%clk 0:03:08]} Ke6 {[%clk 0:01:02]} 59. a4 {[%clk 0:03:22]} Kd6 {[%clk
0:01:26]} 60. a5 {[%clk 0:03:50]} Kc6 {[%clk 0:01:15]} 61. a6 {[%clk 0:03:50]}
1-0

[Event "Campeonato España Sub 16"]
[Site "Salobreña"]
[Date "2017.07.25"]
[Round "3"]
[White "Martinez Fernandez, Adrian"]
[Black "Llados Clos, Jordi"]
[Result "1/2-1/2"]
[Board "10"]
[WhiteClock "1:30"]
[WhiteElo "2111"]
[WhiteCountry "ESP"]
[WhiteFideId "32049048"]
[WhiteEloChange "-6"]
[BlackClock "1:30"]
[BlackElo "1895"]
[BlackCountry "ESP"]
[BlackFideId "32066350"]
[BlackEloChange "6"]

1. e4 {[%clk 1:30:00]} c5 {[%clk 1:27:00]} 2. Nf3 {[%clk 1:31:00]} e6 {[%clk
1:27:00]} 3. d4 {[%clk 1:31:00]} cxd4 {[%clk 1:28:00]} 4. Nxd4 {[%clk 1:32:00]}
Nf6 {[%clk 1:28:00]} 5. Nc3 {[%clk 1:32:00]} Nc6 {[%clk 1:28:00]} 6. Ndb5 {[%clk
1:32:00]} Bb4 {[%clk 1:29:00]} 7. a3 {[%clk 1:33:00]} Bxc3+ {[%clk 1:29:00]} 8.
Nxc3 {[%clk 1:33:00]} d5 {[%clk 1:29:00]} 9. exd5 {[%clk 1:33:00]} exd5 {[%clk
1:30:00]} 10. Bd3 {[%clk 1:32:00]} O-O {[%clk 1:30:00]} 11. O-O {[%clk 1:32:00]}
d4 {[%clk 1:31:00]} 12. Ne2 {[%clk 1:24:00]} Bg4 {[%clk 1:30:00]} 13. b3 {[%clk
1:16:00]} Bxe2 {[%clk 1:19:00]} 14. Bxe2 {[%clk 1:13:00]} Ne4 {[%clk 1:18:00]}
15. Bb2 {[%clk 1:04:00]} Nc3 {[%clk 1:16:00]} 16. Qd2 {[%clk 1:04:00]} Qf6 {[%clk
1:15:00]} 17. Bf3 {[%clk 1:03:00]} Rac8 {[%clk 1:10:00]} 18. Rfe1 {[%clk
1:00:00]} Rfd8 {[%clk 1:10:00]} 19. Bxc6 {[%clk 0:48:00]} Rxc6 {[%clk 1:09:00]}
20. Bxc3 {[%clk 0:28:00]} dxc3 {[%clk 1:07:00]} 21. Qe3 {[%clk 0:26:00]} g6
{[%clk 1:04:00]} 22. Rad1 {[%clk 0:24:00]} Rcd6 {[%clk 1:01:00]} 23. Rxd6 {[%clk
0:23:00]} Rxd6 {[%clk 1:01:00]} 24. g3 {[%clk 0:17:54]} Rd2 {[%clk 0:59:00]} 25.
Re2 {[%clk 0:18:23]} Qd6 {[%clk 0:53:00]} 26. Kg2 {[%clk 0:18:20]} Rxe2 {[%clk
0:47:00]} 27. Qxe2 {[%clk 0:18:49]} Qxa3 {[%clk 0:46:00]} 28. Qc4 {[%clk
0:19:17]} Qa5 {[%clk 0:43:00]} 29. Qc8+ {[%clk 0:12:44]} Kg7 {[%clk 0:43:00]} 30.
Qxb7 {[%clk 0:13:08]} Qf5 {[%clk 0:43:00]} 31. Qxa7 {[%clk 0:12:41]} Qe4+ {[%clk
0:43:00]} 32. Kg1 {[%clk 0:12:27]} Qxc2 {[%clk 0:43:00]} 33. Qd4+ {[%clk
0:12:50]} Kg8 {[%clk 0:43:00]} 34. Qd8+ {[%clk 0:13:14]} Kg7 {[%clk 0:43:00]} 35.
Qd4+ {[%clk 0:13:42]} Kg8 {[%clk 0:43:00]} 1/2-1/2